00481pab a2200157 454500008004000000100001900040245004800059260000900107300001200116362001000128650002400138773003400162909000900196999001500205952010300220180718b1988 xxu||||| |||| 00| 0 eng d aJones, Marrick aManagerial thinkingbAn African perspective c1988 a481-505 aSept. aExecutives - Africa aJournal of management Studies a7902 c7902d7902 00104070aIIPAbIIPAd2018-07-19hVolume no: 25, Issue no: 5pAR7915r2018-07-19w2018-07-19yAR